MARC details
| 000 -LEADER |
| fixed length control field |
02864cam a2200289 i 4500 |
| 003 - CONTROL NUMBER IDENTIFIER |
| control field |
URS |
| 005 - DATE AND TIME OF LATEST TRANSACTION |
| control field |
20221125082330.0 |
| 008 - FIXED-LENGTH DATA ELEMENTS--GENERAL INFORMATION |
| fixed length control field |
220830s2022 fi o ||| 0 eng d |
| 040 ## - CATALOGING SOURCE |
| Original cataloging agency |
YDX |
| Language of cataloging |
eng |
| Transcribing agency |
YDX |
| Modifying agency |
JSTOR |
| -- |
HTM |
| Transcribing agency |
URS |
| 020 ## - INTERNATIONAL STANDARD BOOK NUMBER |
| International Standard Book Number |
9523690736 |
| Qualifying information |
(electronic bk.) |
| 020 ## - INTERNATIONAL STANDARD BOOK NUMBER |
| International Standard Book Number |
9789523690738 |
| Qualifying information |
(electronic bk.) |
| 050 #4 - LIBRARY OF CONGRESS CALL NUMBER |
| Classification number |
DL1018 |
| Item number |
.F566 2022 |
| 245 00 - TITLE STATEMENT |
| Title |
Finnishness, whiteness and coloniality / |
| Statement of responsibility, etc. |
Edited by Josephine Hoegaerts, Tuire Liimatainen, Laura Hekanaho and Elizabeth Peterson |
| 250 ## - EDITION STATEMENT |
| Edition statement |
First Edition |
| 260 ## - PUBLICATION, DISTRIBUTION, ETC. |
| Place of publication, distribution, etc. |
Helsinki : |
| Name of publisher, distributor, etc. |
Helsinki University Press, |
| Date of publication, distribution, etc. |
2022. |
| 300 ## - PHYSICAL DESCRIPTION |
| Extent |
1 online resource (x, 362 pages) |
| 336 ## - CONTENT TYPE |
| Content type term |
text |
| Content type code |
txt |
| Source |
rdacontent |
| 337 ## - MEDIA TYPE |
| Media type term |
computer |
| Media type code |
c |
| Source |
rdamedia |
| 338 ## - CARRIER TYPE |
| Carrier type term |
online resource |
| Carrier type code |
cr |
| Source |
rdacarrier |
| 520 ## - SUMMARY, ETC. |
| Summary, etc. |
This multidisciplinary volume reflects the shifting experiences and framings of Finnishness and its relation to race and coloniality. The authors centre their investigations on whiteness and unravel the cultural myth of a normative Finnish (white) ethnicity. Rather than presenting a unified definition for whiteness, the book gives space to the different understandings and analyses of its authors. This collection of case-studies illuminates how Indigenous and ethnic minorities have participated in defining notions of Finnishness, how historical and recent processes of migration have challenged the traditional conceptualisations of the nation-state and its population, and how imperial relationships have contributed to a complex set of discourses on Finnish compliance and identity.With an aim to question and problematise what may seem self-evident aspects of Finnish life and Finnishness, expert voices join together to offer (counter) perspectives on how Finnishness is constructed and perceived. Scholars from cultural studies, history, sociology, linguistics, genetics, among others, address four main topics: 1) Imaginations of Finnishness, including perceived physical characteristics of Finnish people; 2) Constructions of whiteness, entailing studies of those who do and do not pass as white; 3) Representations of belonging and exclusion, making up of accounts of perceptions of what it means to be 'Finnish'; and 4) Imperialism and colonisation, including what might be considered uncomfortable or even surprising accounts of inclusion and exclusion in the Finnish context.This volume takes a first step in opening up a complex set of realities that define Finland's changing role in the world and as a home to diverse populations. |
| 590 ## - LOCAL NOTE (RLIN) |
| Local note |
JSTOR |
| Provenance (VM) [OBSOLETE] |
Books at JSTOR Open Access |
| 650 #0 - SUBJECT ADDED ENTRY--TOPICAL TERM |
| Topical term or geographic name entry element |
National characteristics, Finnish. |
| Authority record control number or standard number |
http://id.loc.gov/authorities/subjects/sh85089975 |
| 650 #0 - SUBJECT ADDED ENTRY--TOPICAL TERM |
| Topical term or geographic name entry element |
Ethnology |
| Geographic subdivision |
Finland. |
| Authority record control number or standard number |
http://id.loc.gov/authorities/subjects/sh85045273 |
| 856 40 - ELECTRONIC LOCATION AND ACCESS |
| Uniform Resource Identifier |
<a href="https://www.jstor.org/stable/10.2307/j.ctv2vm3bb6">https://www.jstor.org/stable/10.2307/j.ctv2vm3bb6</a> |
| 942 ## - ADDED ENTRY ELEMENTS (KOHA) |
| Source of classification or shelving scheme |
Library of Congress Classification |
| Koha item type |
E-Book |
| 994 ## - |
| -- |
92 |
| -- |
PHURS |